00358nam a2200157Ia 45000010006000000050017000060080041000230410008000640820017000721000021000892450037001102600009001473000028001566500008001846540008001921075420260306161855.0260306t2007||||xx |||||||||||||| ||spa|| aESP a947.084bM48 aMeyer, JeaneAUT 0aRusia y sus imperios:b1894-2005 c2007 a597 páginas :c22 cm. aGEN aCHU